Mechanical metallurgy (Record no. 25704)

000 -LEADER
fixed length control field 00503nam a22001937a 4500
001 - CONTROL NUMBER
control field 25704
003 - CONTROL NUMBER IDENTIFIER
control field BD-DhUET
008 - FIXED-LENGTH DATA ELEMENTS--GENERAL INFORMATION
fixed length control field 150516b xxu||||| |||| 00| 0 eng d
040 ## - CATALOGING SOURCE
Transcribing agency 0
Modifying agency BD-DhUET
082 ## - DEWEY DECIMAL CLASSIFICATION NUMBER
Classification number 669.94
Item number DIE/1961
100 ## - MAIN ENTRY--PERSONAL NAME
Personal name Dieter, E. George
245 ## - TITLE STATEMENT
Title Mechanical metallurgy
250 ## - EDITION STATEMENT
Edition statement 1st ed.
260 ## - PUBLICATION, DISTRIBUTION, ETC. (IMPRINT)
Place of publication, distribution, etc. London
Name of publisher, distributor, etc. McGraw-Hill
Date of publication, distribution, etc. 1961
300 ## - PHYSICAL DESCRIPTION
Extent xix, 615p.
Other physical details ill
490 ## - SERIES STATEMENT
Series statement Metallurgy and metallurgical engineering series
650 #0 - SUBJECT ADDED ENTRY--TOPICAL TERM
Topical term or geographic name as entry element Strength of materials
942 ## - ADDED ENTRY ELEMENTS (KOHA)
Koha item type General Book
Holdings
Koha date last borrowed Withdrawn status Koha full call number Location (home branch) Piece designation (barcode) Damaged status Koha out on loan Not for loan Koha normalized classification for sorting Koha item type Price effective from Date acquired Shelving location Copy number Lost status Koha date last seen Koha issues (times borrowed) Source of classification or shelving scheme Sublocation or collection (holding branch)
  669.94/DIE/1961Central Library, BUET7380   669_940000000000000_DIE_1961General Book2015-05-162015-05-16Circulation section1 2015-05-16  Central Library, BUET
  669.94/DIE/1961Central Library, BUET20408   669_940000000000000_DIE_1961General Book2015-05-162015-05-16Circulation section2 2015-05-16  Central Library, BUET
  669.94/DIE/1961Central Library, BUET11400   669_940000000000000_DIE_1961General Book2015-05-162015-05-16Circulation section3 2015-05-16  Central Library, BUET
  669.94/DIE/1961Central Library, BUET31952   669_940000000000000_DIE_1961General Book2015-05-162015-05-16Circulation section4 2015-05-16  Central Library, BUET
  669.94/DIE/1961Central Library, BUET31933   669_940000000000000_DIE_1961General Book2015-05-192015-05-19Circulation section5 2015-05-19  Central Library, BUET
2024-03-04 669.94/DIE/1961Central Library, BUET54704   669_940000000000000_DIE_1961General Book2015-05-202015-05-20Circulation section6 2024-05-262 Central Library, BUET
  669.94/DIE/1961Central Library, BUET24464   669_940000000000000_DIE_1961General Book2015-05-212015-05-21Circulation section7 2015-05-21  Central Library, BUET
2018-08-08 669.94/DIE/1961Central Library, BUET20407   669_940000000000000_DIE_1961General Book2015-05-212015-05-21Circulation section8 2018-10-061 Central Library, BUET
  669.94/DIE/1961Central Library, BUET31936   669_940000000000000_DIE_1961General Book2015-05-232015-05-23Circulation section9 2017-03-11  Central Library, BUET
2025-04-30 669.94/DIE/1961Central Library, BUET31935 2025-05-14 669_940000000000000_DIE_1961General Book2015-05-232015-05-23Circulation section10 2025-04-301 Central Library, BUET
  669.94/DIE/1961Central Library, BUET24463   669_940000000000000_DIE_1961General Book2015-06-172015-06-17Reading section11 2015-06-17  Central Library, BUET
  669.94/DIE/1961Central Library, BUET36043   669_940000000000000_DIE_1961Reading Item2015-06-272015-06-27Reading section12 2015-06-27  Central Library, BUET